№ 7; Известия вузов. Математика

Λεπτομέρειες βιβλιογραφικής εγγραφής
Parent link:Известия вузов. Математика: научно-теоретический журнал. № 7.— , 1958-.— 0021-3446
Περίληψη:Режим доступа: по договору с организацией-держателем ресурса
Γλώσσα:Ρωσικά
Έκδοση: 2016
Διαθέσιμο Online:https://elibrary.ru/contents.asp?id=34230723
Μορφή: MixedMaterials Ηλεκτρονική πηγή Βιβλίο
KOHA link:https://koha.lib.tpu.ru/cgi-bin/koha/opac-detail.pl?biblionumber=578811

MARC

LEADER 00000nam2a2200000 4500
001 578811
005 20231101130453.0
035 |a (RuTPU)RU\TPU\prd\278399 
035 |a RU\TPU\prd\278393 
090 |a 578811 
100 |a 20180625a20029999k y0rusy50 ca 
101 0 |a rus 
102 |a RU 
181 0 |a i  
182 0 |a b 
200 0 |a № 7  |b Электронный ресурс 
203 |a Текст  |c электронный 
210 |d 2016 
333 |a Режим доступа: по договору с организацией-держателем ресурса 
461 1 |0 (RuTPU)RU\TPU\prd\1498  |x 0021-3446  |t Известия вузов. Математика  |o научно-теоретический журнал  |v № 7  |d 1958- 
801 0 |a RU  |b 63413507  |c 20010227  |g PSBO 
801 1 |a RU  |b 63413507  |c 20020318  |g PSBO 
801 2 |a RU  |b 63413507  |c 20190529  |g RCR 
856 4 0 |u https://elibrary.ru/contents.asp?id=34230723 
942 |c BK